| 000 | 01276nam a22003857a 4500 | ||
|---|---|---|---|
| 001 | 0045519 | ||
| 003 | KOHA_MİRAKIL | ||
| 005 | 20260207003447.0 | ||
| 007 | ta | ||
| 008 | 140124b1977 tu |||gr||||#||||1|tur | | ||
| 040 |
_aTR-BiSEU _btur _cTR-BiSEU _erda |
||
| 041 | 0 | _atur | |
| 044 | _ctu | ||
| 050 |
_aPL95.9 _b.S47 1977 |
||
| 100 | 1 | _aSepetçioğlu, Mustafa Necati. | |
| 245 | 1 |
_aDede Korkut/ _cMustafa Necati Sepetçioğlu ; Mustafa Necati Sepetçioğlu. |
|
| 250 | _a3. Basım | ||
| 264 | 1 |
_aİstanbul : _bToker Yayınları _c1977 |
|
| 300 |
_a214 sayfa ; _c19 cm. |
||
| 336 |
_ametin _btxt _2rdacontent |
||
| 337 |
_aaracısız _bn _2rdamedia |
||
| 338 |
_acilt _bnc _2rdacarrier |
||
| 490 | 1 |
_aToker Genel dizi ; _v42. |
|
| 490 | 1 |
_a100 Büyük Edip 100 Büyük Şair no ; _v5 |
|
| 505 | _aİçindekiler | ||
| 650 | 0 |
_aKitabi Dada Gorgud. _96295 |
|
| 650 | 0 |
_aEpic literature, Oghuz--History and criticism. _910041 |
|
| 650 | 0 |
_aShort stories, Turkish. _99978 |
|
| 650 | 0 |
_aDestan edebiyatı, Türk (Oğuzlar)--Tarih ve eleştiri. _983875 |
|
| 650 | 0 |
_aDede Korkut. _910039 |
|
| 650 | 0 |
_aTürk öyküleri. _938851 |
|
| 830 | 1 |
_aToker Genel dizi ; _v42. _983876 |
|
| 830 | 1 |
_a100 Büyük Edip 100 Büyük Şair no ; _v5 _983877 |
|
| 942 |
_2lcc _cBK |
||
| 999 |
_c45488 _d45488 |
||